| 000 | 00435nam a22001217a 4500 | ||
|---|---|---|---|
| 999 |
_c6833 _d6833 |
||
| 008 | 200330b ||||| |||| 00| 0 eng d | ||
| 100 | _aThe United Republic of Tanzania | ||
| 245 |
_aThe Second Generation Financial Sector Reforms Volume I _bMain Report _cThe United Republic of Tanzania _hEnglish |
||
| 260 |
_aDar Es Salm _bBank of Tanzania _c2007 |
||
| 300 |
_aix,160p. _bIllustration _c20cm |
||
| 650 | _2Main Report | ||
| 942 |
_2ddc _cBOOKS |
||